新干线列车名Name Shinkansen Trains - Statistics

General Stats
  • This quiz has been taken 7 times
  • The average score is 9 of 19
Answer Stats
运行线路 提示或代表性停靠站(括号内代表经过此站的车次仅部分停靠) 答案 % Correct
东海道新干线·山阳新干线 曾任线内最快车,停上一行全部以及(热海)·(静冈)·(滨松)·姬路·福山·新下关等 ひかり/HIKARI/光/
86%
东海道新干线·山阳新干线 线内最快车,停东京·品川·新横滨·名古屋·京都·新大阪·新神户·冈山·广岛·小仓·博多等 のぞみ/NOZOMI/希望
86%
东海道新干线·山阳新干线 各站停车 こだま/KODAMA/回声
57%
山阳新干线·九州新干线 新大阪·新神户·冈山·广岛·小仓·博多·熊本·鹿儿岛中央等 みずほ/MIZUHO/瑞穗
57%
北陆新干线 最长区间为东京-长野,东京·上野·大宫·高崎·轻井泽·长野均停靠,区间内其余各站一部停车 あさま/ASAMA/浅间
43%
北陆新干线 上一行全部以及(高崎),以及上越妙高-敦贺沿途各站 はくたか/HAKUTAKA/白鹰
43%
东北新干线·北海道新干线 线内最快车,东京·(上野)·大宫·仙台·(一之关)·盛冈·(八户)·新青森·新函馆北斗等 はやぶさ/HAYABUSA/隼
43%
北陆新干线 线内最快车,停东京·(上野)·大宫·长野·富山·金泽·福井·敦贺等 かがやき/KAGAYAKI/光辉
43%
东北新干线·秋田(迷你)新干线 仅此一个列车名 小町/KOMACHI/小町
43%
东北新干线 东京-郡山,各站停车 なすの/NASUNO/那须野
43%
山阳新干线·九州新干线 上一行全部以及福山·(新山口)·(新下关)·久留米·川内等 さくら/SAKURA/樱
43%
上越新干线 该名称列车拥有上越新干线唯一的全程交路(东京·大宫·新潟均停车,其余车站一部停车) とき/TOKI/朱鹭
43%
北陆新干线 主要服务北陆,最长区间为敦贺-富山,敦贺·福井·金泽·新高冈·富山均停靠,区间内其余各站一部停车 つるぎ/TSURUGI/剑
43%
东北新干线 以东京-仙台知名,最长区间为东京-盛冈(小山·宇都宫·那须盐原·新白河·郡山·白石藏王一部停车,区间内其余车站均停车) やまびこ/YAMABIKO/山彦
43%
东北新干线·北海道新干线 最长区间为新函馆北斗-盛冈,各站停车 はやて/HAYATE/疾风
29%
西九州新干线 仅此一个列车名 かもめ/KAMOME/鸥
29%
上越新干线 除本庄早稻田一部停车外,其余车站均停车 たにがわ/TANIGAWA/谷川
29%
山阳新干线·九州新干线 最长区间为新下关-鹿儿岛中央,各站停车 つばめ/TSUBAME/燕
29%
东北新干线·山形(迷你)新干线 仅此一个列车名 つばさ/TSUBASA/翼
29%
No matching quizzes found
Score Distribution
Percent of People with Each Score
Percentile by Number Answered
Your Score History
You have not taken this quiz